000 00518cam a22001931 4500
001 2164549
005 20180215034248.0
008 721213s1953 nyua 000 0 eng
010 _a 52011811
040 _aDLC
_cDLC
_dDLC
041 _aeng
080 _a591.33
082 0 0 _a591.33 NEL
100 1 _a7
101 _aZOO
245 1 0 _aComparative embryology of the vertebrates;
906 _a7
_bcbc
_corignew
_du
_eocip
_f19
_gy-gencatlg
942 _2ddc
_cBK
999 _c42581
_d42581